000 00439nam a2200133Ia 4500
003 GCL
008 140319s9999 xx 000 0 ara d
040 _aGCL /
_cGCL
082 0 4 _a229.7
_bى م
245 1 0 _aمنهج المعرفة من القرأن الكريم
260 _a[S.N] :
_bدار الوفاء للطباعة والنشر والتوزيع ،
_c1988
300 _a115 ص
490 _aنحو عقلية اسلامية واعية
_v0
999 _c54908
_d54908